000 01441nam a2200373Ia 4500
001 ebr10095151
003 CaPaEBR
006 m u
007 cr cn|||||||||
008 960624s1997 enkab sb 001 0 eng d
010 _z 96028369
020 _z0203975111
020 _z0415156351
020 _z041515636X (pbk.)
040 _aCaPaEBR
_cCaPaEBR
035 _a(OCoLC)226376636
050 1 4 _aDA152
_b.A76 1997eb
082 0 4 _a942.01/5
_220
100 1 _aArnold, C. J.
_q(Christopher J.),
_d1953-
245 1 3 _aAn archaeology of the early Anglo-Saxon kingdoms
_h[electronic resource] /
_cC.J. Arnold.
250 _a2nd ed.
260 _aLondon ;
_aNew York :
_bRoutledge,
_c1997.
300 _axviii, 259 p. :
_bill., maps.
504 _aIncludes bibliographical references and index.
533 _aElectronic reproduction.
_bPalo Alto, Calif. :
_cebrary,
_d2009.
_nAvailable via World Wide Web.
_nAccess may be limited to ebrary affiliated libraries.
650 0 _aExcavations (Archaeology)
_zEngland.
650 0 _aAnglo-Saxons
_xKings and rulers.
650 0 _aArchaeology, Medieval.
651 0 _aGreat Britain
_xHistory
_yAnglo-Saxon period, 449-1066.
651 0 _aEngland
_xSocial conditions
_yTo 1066.
655 7 _aElectronic books.
_2local
710 2 _aebrary, Inc.
856 4 0 _uhttp://site.ebrary.com/lib/rucke/Doc?id=10095151
_zAn electronic book accessible through the World Wide Web; click to view
999 _c194981
_d194981